000 00473cam a2200181 4500
001 D5994
008 090401t1978 xxu||||| |||| 00| 0 eng d
035 _a(Sirsi) u80377
041 _aeng
050 _a336.22
110 _aInternational Association of Assessing Officers
_92591
245 _aImproving real property assessment: a reference manual
260 _aUS
_bIAAO
_c1978
300 _axxiii. 444p. 26cm
350 _a21.38
942 _n0
948 _c04/03/1997
999 _c96614
_d96614